000 00764nam a22002177a 4500
003 UA-OsUOA
001 39664
007 ta
008 20060626b un ||||| |||| 00| 0 ukr d
100 _aГорбик Р.
090 _a32
_bГ11
942 _cSA
040 _aUA-OsUOA
_bukr
_cUA-OsUOA
_dUA-OsUOA
245 _aЖиріновський прийшов і до НТКУ. Яким чином людина, що постійно заперечує ідею української держави, змогла потрапити на українське державне елебачення?
300 _aС.8
955 _a0
041 _aukr
080 _a32
773 0 _w39663
_tУкраїна- business
_dК.
_d2006
_g23
650 7 _a32 Політика
_2UDC
999 _c325804
_d325804